000 00661nam a22002057a 4500
003 UA-OsUOA
001 38335
007 ta
008 20060504b un ||||| |||| 00| 0 ukr d
090 _a32
_bП11
942 _cSA
040 _aUA-OsUOA
_bukr
_cUA-OsUOA
_dUA-OsUOA
245 _aПолітика.Політичні науки
300 _a131-141 с.
955 _a0
041 _aukr
080 _a32
773 0 _w38334
_tУкраїнський реферативний журнал "Джерело". Серія 3. Соціальні та гуманітарні науки. Мистецтво.
_dК.
_d2006
_g2
650 7 _a32 Політика
_2UDC
999 _c324501
_d324501